| 000 | 00931cam a2200289 i 4500 | ||
|---|---|---|---|
| 001 | bg | ||
| 003 | KOSZ 005 | ||
| 005 | 20191004142540.0 | ||
| 008 | 980715s1997 pl a f f |001 0 pol | ||
| 015 | _aPB 1997/15398 | ||
| 020 | _a8320421314 | ||
| 020 | _a8320415861 | ||
| 040 |
_aWA N _cKOSZ 005/HR |
||
| 080 | _a621.3 | ||
| 080 | _a(083.1) | ||
| 245 | 0 | 0 |
_aPoradnik inżyniera elektryka. _nT. 3 / _caut. Jerzy Bąk [et al.]. |
| 250 | _aWyd. 2 częśc. zm. | ||
| 260 |
_aWarszawa : _bWydawnictwa Naukowo-Techniczne, _c1997. |
||
| 300 |
_a744 s. : _brys., wykr. ; _c21 cm. |
||
| 504 | _aBibliogr. przy rozdz. - Indeks. | ||
| 650 | 4 | _aElektrotechnika | |
| 655 | 4 | _aPoradnik | |
| 700 | 1 |
_aBąk, Jerzy _d(1929- ). |
|
| 710 | 2 |
_aWydawnictwa Naukowo-Techniczne _4pbl. |
|
| 856 |
_uhttp://koha.tu.koszalin.pl/cgi-bin/koha/opac-detail.pl?biblionumber=32435 _yKatalog online BPK |
||
| 942 |
_2UKD _cKS |
||
| 999 |
_c32435 _d32435 |
||